| 000 | 01969nam a2200421 c 4500 | ||
|---|---|---|---|
| 003 | BLK | ||
| 005 | 20240618085131.0 | ||
| 008 | 180411b bul|||||r ||||||| ||bul|| | ||
| 010 | _aKNG00178149000 | ||
| 040 | _aBLK | ||
| 041 |
_aBUL _cBUL |
||
| 072 | 7 |
_2bullib _aН62 _xПриложни науки. Техника Н |
|
| 072 | 7 |
_2bullib _aК _xКраезнание |
|
| 080 |
_aМостове в цялост. Конструктивни елементи на мостовете - Греди, дъги, ферми (ставни прътови конструкции) и др. _b624.21 _x(282.243.7)(091) _z624.21(282.243.7)(091) |
||
| 700 | 1 |
_aГогев, Иван Николов _eсъстав. _9338422 |
|
| 139 |
_a[Шестдесет] 60 години Дунав мост Русе - Гюргево _bШ 58 |
||
| 245 | 1 | 0 |
_a[Шестдесет] 60 години Дунав мост Русе - Гюргево _bЮбил. изд. _cсъстав. Иван Николов Гогев. |
| 257 | _aBGR | ||
| 260 |
_аСофия ; Русе _bVip style _c2014 _fРусе : Дунав прес |
||
| 300 |
_a106 с. _bс портр., к., ил. _c22 см |
||
| 380 | _a62 | ||
| 500 | _aКор. опис. - Изд. на ДП Нац. компания Железопътна инфраструктура. Нац. сдружение Общество на инженерите по железен път. - Библиогр. с. 104. | ||
| 650 | 4 |
_aМостове - Дунав - история _9334544 |
|
| 651 | 4 |
_aРусе _9179462 |
|
| 651 | 4 |
_aБългария _9241624 |
|
| 653 | _aДунав мост | ||
| 653 | _aмостове | ||
| 653 | _aистория | ||
| 653 | _aюбилеи | ||
| 659 | _aК | ||
| 659 | _aН | ||
| 852 | _aЦб 275376 | ||
| 856 | 4 |
_qpdf _u |
|
| 856 | 4 |
_qpdf _u |
|
| 942 |
_cKNG _n0 _03 |
||
| 944 |
_aCR _c14.07.2015 _lВаля Йорданова _k30558 |
||
| 944 |
_aED _c24.11.2015 _lф / _kЛюдмила_Стоянова |
||
| 999 |
_c170055 _d170055 |
||